000
00306nam a22001457a 4500
008
221117b ||||| |||| 00| 0 eng d
020
_a
9780321751232
041
_a
eng
080
_a
615
082
_a
615 DON
100
_a
16.2
101
_a
EGZ
245
_a
MY HEALTH
_c
DONATELLE R
942
_2
udc
_c
BK
999
_c
58914
_d
58914